Т. 10: Русловые процессы и наносы. Кн. 2; Труды V Всесоюзного гидрологического съезда, [20-24 октября 1986 г., Ленинград]

Bibliographische Detailangaben
Parent link:Труды V Всесоюзного гидрологического съезда, [20-24 октября 1986 г., Ленинград]: в 10 т./ СССР, Государственный комитет по гидрометеорологии (Госкомгидромет) ; Государственный гидрологический институт (ГГИ). Т. 10: Русловые процессы и наносы. Кн. 2.— , 1988-1991.— 5-286-00031-2
Sprache:Russisch
Veröffentlicht: 1988
Schlagworte:
Format: MixedMaterials Buch
KOHA link:https://koha.lib.tpu.ru/cgi-bin/koha/opac-detail.pl?biblionumber=242083

MARC

LEADER 00000nam2a2200000 4500
001 242083
005 20231101231852.0
010 |a 528600234X 
010 |a 5-286-00030-4 
035 |a (RuTPU)RU\TPU\book\263379 
035 |a RU\TPU\book\263374 
035 |a RU\TPU\book\241165 
090 |a 242083 
100 |a 20130823g1988 k y0rusy5003 ca 
101 0 |a rus 
102 |a RU 
105 |a a z 101zy 
200 0 |a Т. 10: Русловые процессы и наносы. Кн. 2 
210 |d 1988 
215 |a 400 с.  |c ил. 
320 |a Библиогр. в конце ст. 
461 1 |0 (RuTPU)RU\TPU\book\84921  |y 5-286-00031-2  |t Труды V Всесоюзного гидрологического съезда, [20-24 октября 1986 г., Ленинград]  |o в 10 т.  |f СССР, Государственный комитет по гидрометеорологии (Госкомгидромет) ; Государственный гидрологический институт (ГГИ)  |v Т. 10: Русловые процессы и наносы. Кн. 2  |d 1988-1991 
606 1 |a Гидрология общая  |2 stltpush  |3 (RuTPU)RU\TPU\subj\6718  |9 34528 
610 1 |a водные ресурсы 
610 1 |a реки 
610 1 |a потоки 
610 1 |a русловые потоки 
610 1 |a наносы 
675 |a 556(063)  |z rus 
801 1 |a RU  |b 63413507  |c 20130615 
801 2 |a RU  |b 63413507  |c 20140610  |g RCR 
942 |c BK